00541 2200169 4500001002100000005001500021035002000036245010300056100001800159250002000177300003800197260006500235082000800300084001400308020002200322650002700344INLIS00000000113795320220119014203 a0010-01220030841 aKeterpaduan layanan yang memberdayakan :bhasil asesmen P2TP2A di 16 Provinsi /cRetno Agustin dkk0 aRetno Agustin acetakan pertama a117 halaman :bIlustrasi ;c29 cm aJakarta :bKomnas perempuan dan forum pengada layanan,c2017 a360 a360 RET k a978-602-330-021-1 4apemberdayaan perempuan